Ritual del bautismo de niños

Salvato in:
Dettagli Bibliografici
Ente Autore: Conferencia Episcopal Argentina (Autore)
Natura: Libro
Lingua:spagnolo
Pubblicazione: Buenos Aires Oficina del Libro 2015
Edizione:1a. ed
Soggetti:
Tags: Aggiungi Tag
Nessun Tag, puoi essere il primo ad aggiungerne!!

MARC

LEADER 00000cam a2200000 a 4500
001 UCC4101
003 CL-VaPUC
008 180713e20150000ag |||||||||||||||||spa|d
020 |a 9789875112308 
082 0 4 |a 264  |b CON  |2 21 
110 2 |a Conferencia Episcopal Argentina  |e author  |9 598240 
245 1 0 |a Ritual del bautismo de niños 
250 |a 1a. ed 
300 |a 256 p 
942 |c BK 
945 |d 20180713 16:21:00  |a dcastane 
260 |a Buenos Aires  |b Oficina del Libro  |c 2015 
650 7 |a LITURGIA  |2 CL-VaPUC  |9 598241 
650 0 |a Bautismo  |9 314393 
650 0 |a Sacramentos   |9 257270 
583 |a last modification  |c 20180713 16:21:00  |k Rodrigo Vera 
999 |c 371698  |d 371696 
952 |0 0  |1 0  |3 erd  |4 0  |6 264_000000000000000_CON_2015  |7 0  |8 X  |9 488807  |a BIBTEO  |b BIBTEO  |i 5480515  |o 264 CON 2015  |p 5480515  |r 2025-01-17  |w 2019-11-24  |y BK_X  |z Catalogado en:20180713  |k ICR